000 00286nam a2200121Ia 4500
082 _a615.4
_bM12S
100 _aSETHI, P.D.
245 _aHIGH PERFORMANCE LIQUID CHROMATOGRAPHY IN FOOD ANALYSIS -I
260 _bCBS- DELHI
300 _a895
650 _aCHROMATOGRAPGY
942 _2ddc
_cBK
999 _c7143
_d7143